000 00790nam a22002537a 4500
003 OSt
005 20250807074718.0
006 a
008 240708b |||||||| |||| 00| 0 eng d
020 _a9781259922176
040 _aDWCL-Main Lib.
_cOC
082 _aCirc. 363.7 C973e 2018
100 _aCunningham, William
245 _aEnvironmental science :
_ba global concern /
_cWilliam Cunningham & Mary Ann Cunningham
250 _aFourteenth edition
260 _aN.Y :
_bMcGraw-Hill Education,
_cc2018.
300 _axxiv, 614 pages :
_bcolor illustrations ;
_c28cm.
504 _aIncludes index.
650 _a1. Environmental science.
650 _a2. Ecology.
650 _a 3. Environmental policy.
700 _aCunningham, Mary Ann
942 _2ddc
_cBK-CIRC
_kCirc.
_n0
999 _c2054
_d2054